000 00844nam a22002537a 4500
005 20251003112316.0
008 251003b |||||||| |||| 00| 0 eng d
020 _a9781935210900
040 _aEASL
_ceng
_dEASL
041 _aeng
084 _aO495,1xN70 111Q6
_qEASL
100 _aShim, Bo-Seon
_9847234
245 _aSomeone Always in the Corner of My Eye /
260 _aNew York :
_bWhite Pine Press ,
_c2016 .
300 _a97p.
490 _3Korean Voices Series
_vVolume 22
650 _2Korean English Language
651 _aKorean-Poetry
_9847235
651 _aKorean- Fiction
_9847236
700 _aJi, Youngshil, tr.
_9847237
700 _aParker, Daniel T, tr.
_9847238
942 _2CC
_cTB
_hO495,1xN70 111Q6
_n0
999 _c1464479
_d1464479